00485nam a2200193 a 4500001001300000003000900013005001700022008004100039020002300080082001300103100002100116245002400137260004000161300000900201500003500210505001200245650001300257700002100270nice12345678IN_TiNIC20260116014934.0100923s1969 jeda grp 000 0 eng  a0340043067 c10000a200bEDW aEdwards, L David aReligion and Change aJeddahbHodder and Stoughton c1969 a383p aincludes index and biblioraphy2 aIndices aReligion1 aEdwards, L David